II Wojna Północna - Strony Konfliktu - Statystyki

Ogólne statystyki
  • Ten quiz został rozwiązany 45 razy
  • Średni wynik to 4 z 9
Statystyki odpowiedzi
Strona Państwo % Poprawnych
Obrońcy Carstwo Rosyjskie / Rosja
89%
Agresorzy Szwecja
82%
Obrońcy Rzeczpospolita Obojga Narodów / Polska
73%
Obrońcy Dania-Norwegia / Dania
66%
Obrońcy Monarchia Habsburgów / Austria
41%
Agresorzy Brandenburgia
18%
Obrońcy Brandenburgia
18%
Agresorzy Księstwo Siedmiogrodu
0%
Obrońcy Republika Zjednoczonych Prowincji
0%
Nie znaleziono quizów pasujących do podanych kryteriów
Rozkład punktacji
Procent ludzi z każdym wynikiem
Percentyl według liczby udzielonych odpowiedzi
Twoja historia wyników
Nie rozwiązałeś tego quizu